| 000 | 00585nam a2200217 a 4500 | ||
|---|---|---|---|
| 999 |
_c645 _d645 |
||
| 001 | 645 | ||
| 003 | BD-JhCC | ||
| 005 | 20171008211928.0 | ||
| 008 | 171008s1773 uk ||||| |||| 00| 0 eng d | ||
| 035 | _a(BD-JhCC) 645 | ||
| 040 |
_aBD-JhCC _dBD-JhCC |
||
| 041 | _aeng | ||
| 082 |
_a818.303 _bTHO 1873 |
||
| 100 | _aThoreau, Henry David | ||
| 245 |
_aWalden -Civil Disobedience : _bBarnes & Noble Book Notes / _cHenry David Thoreau |
||
| 260 |
_aNew york : _bRarnes & Noble, INC _c1873. |
||
| 300 |
_a78 p. : _c21 cm. |
||
| 650 | _aNatural History | ||
| 942 |
_2ddc _cBK |
||